Biblioteca

Jesús y el abandono de Dios en Marcos 1-8 (Registro nro. 64063)

Detalles MARC
000 -LÍDER
Campo fijo de descripción fija 01190nab a22002657a 4500
001 - NÚMERO DE CONTROL
Campo de control 768714001
003 - IDENTIFICADOR DEL NÚMERO DE CONTROL
Campo de control CO-MdFUSB
005 - FECHA Y HORA DE LA ULTIMA TRANSACCIÓN
control field 20230111171752.0
008 - ELEMENTOS DE LONGITUD FIJA -- INFORMACIÓN GENERAL
Campo fijo de descripción fija -- Información general 171006s2016 gt ||||| |||| 00| 0 spa d
022 ## - NÚMERO INTERNACIONAL NORMALIZADO PARA PUBLICACIONES SERIADAS
Número Internacional Normalizado para Publicaciones Seriadas 1014-9341
040 ## - FUENTE DE CATALOGACIÓN
Agencia Catalogadora CO-MdFUSB
Idioma de catalogación spa
Agencia que realiza la transcripción CO-MdFUSB
Agencia que realiza la modificación CO-MdFUSB
041 ## - CÓDIGO DE IDIOMA
Código de idioma para texto/pista de sonido o título separado spa
100 ## - ASIENTO PRINCIPAL--NOMBRE PERSONAL
Nombre personal Alfaro González, Gerardo A.
Término relacionador autor
245 ## - TÍTULO
Título Jesús y el abandono de Dios en Marcos 1-8
Mención de responsabilidad / Gerardo A. Alfaro González
300 ## - DESCRIPCIÓN FÍSICA
Extensión Número 58-59 (Enero - Diciembre, 2016), páginas 107-133
Dimensiones ; 22 cm
520 1# - NOTA DE RESUMEN, ETC.
Nota de sumario, etc. Una lectura literaria de Marcos 1-8 muestra una profunda unidad en cuanto a propósito e identidad entre Dios y Jesús y la estrecha relación entre los temas de sufrimiento y resurrección. Esta información contextual será valiosa a la hora de interpretar el grito de Jesús en la cruz: "Dios mío, Dios mío, ¿por qué me has desamparado".
650 #7 - ASIENTO SECUNDARIO DE MATERIA - TERMINO TEMÁTICO
9 (RLIN) 418
Término temático o nombre geográfico como elemento de entrada Hermenéutica
653 ## - TÉRMINO DE INDIZACIÓN - NO CONTROLADO
Término no controlado Identidad de Jesús
653 ## - TÉRMINO DE INDIZACIÓN - NO CONTROLADO
Término no controlado Abandono de Jesús
653 ## - TÉRMINO DE INDIZACIÓN - NO CONTROLADO
Término no controlado Sufrimiento
653 ## - TÉRMINO DE INDIZACIÓN - NO CONTROLADO
Término no controlado Crucifixión
653 ## - TÉRMINO DE INDIZACIÓN - NO CONTROLADO
Término no controlado Resurrección
773 ## - ASIENTO DE ITEM FUENTE
Biblionumber 49489
Itemnumber 76153
Parte(s) relacionada(s) / Volumen., número. (mes año), páginas Número 58-59 (Enero - Diciembre, 2016), páginas 107-133
Enumeración y primera página Página 107
Título Kairós
942 ## - TIPO DE MATERIAL (KOHA)
Tipo de Item KOHA Artículos de Revista

No hay ítems disponibles.

Biblioteca FUSBC | Teléfono: (57+4) 349 88 10 Ext. 141| WhatsApp (+57) 3005338115 
E-mail: biblioteca@unisbc.edu.co | Calle 76 87-14 Robledo Palenque, Medellín, Colombia

Con tecnología Koha